| Tag |
First Indicator |
Second Indicator |
Subfields |
| LEADER |
00000cam a2200000 4500 |
| 001 |
in00000022882 |
| 005 |
20151007064200.0 |
| 008 |
750717s1910 nyu 00010 ger u |
| 010 |
|
|
|a 10022826
|
| 035 |
|
|
|a (OCoLC)01457470
|
| 035 |
|
|
|9 AAD9246AM
|
| 040 |
|
|
|c FQG
|d TXA
|d UtOrBLW
|
| 049 |
|
|
|a TXAM
|c [13254]
|
| 050 |
0 |
0 |
|a PT2611.U72
|b D7 1910
|
| 092 |
|
|
|a 832
|b F962d
|
| 100 |
1 |
|
|a Fulda, Ludwig,
|d 1862-1939.
|
| 245 |
1 |
4 |
|a Der dummkopf :
|b lustspiel in funf aufzugen /
|c von Ludwig Fulda; ed., with introduction and notes, by William Kilborne Stewart ...
|
| 264 |
|
1 |
|a New York :
|b H. Holt and company,
|c 1910.
|
| 300 |
|
|
|a vii, 179 pages ;
|c 17 cm.
|
| 336 |
|
|
|a text
|b txt
|2 rdacontent
|
| 337 |
|
|
|a unmediated
|b n
|2 rdamedia
|
| 338 |
|
|
|a volume
|b nc
|2 rdacarrier
|
| 700 |
1 |
|
|a Stewart, William Kilborne,
|d 1875-
|
| 999 |
|
|
|a MARS
|
| 999 |
f |
f |
|s d1a5c4c0-e2c4-3d8e-ba4f-ed956d2fe788
|i 8d05303c-0023-33e8-ba4a-62cd2fb22852
|t 0
|
| 952 |
f |
f |
|p ric
|a Texas A&M University
|b Rellis Campus
|c Joint Library Facility
|d Remote Storage
|t 0
|e PT2611.U72 D7 1910
|h Library of Congress classification
|i unmediated -- volume
|m A14801352473
|
| 998 |
f |
f |
|a PT2611.U72 D7 1910
|t 0
|l Remote Storage
|